Theory of machines (Record no. 348728)
[ view plain ]
| 000 -LEADER | |
|---|---|
| fixed length control field | 002900000a22001330004500 |
| 060 ## - NATIONAL LIBRARY OF MEDICINE CALL NUMBER | |
| Classification number | 100 |
| 082 ## - DEWEY DECIMAL CLASSIFICATION NUMBER | |
| Classification number | 621.8 GRE |
| 100 ## - MAIN ENTRY--PERSONAL NAME | |
| Personal name | Green, W G |
| 245 ## - TITLE STATEMENT | |
| Title | Theory of machines |
| 260 ## - PUBLICATION, DISTRIBUTION, ETC. (IMPRINT) | |
| Place of publication, distribution, etc. | London, Blackie & Son Ltd |
| 260 ## - PUBLICATION, DISTRIBUTION, ETC. (IMPRINT) | |
| Date of publication, distribution, etc. | 1964 |
| 650 ## - SUBJECT ADDED ENTRY--TOPICAL TERM | |
| Topical term or geographic name as entry element | Machines/ Theory-machines |
| 942 ## - ADDED ENTRY ELEMENTS (KOHA) | |
| Koha item type | Books (General) |
| Withdrawn status | Lost status | Damaged status | Not for loan | Collection code | Home library | Current library | Shelving location | Date acquired | Total Checkouts | Full call number | Barcode | Date last seen | Price effective from | Koha item type |
|---|---|---|---|---|---|---|---|---|---|---|---|---|---|---|
| Malayalam | College of Agriculture, Vellayani | College of Agriculture, Vellayani | 02/05/2014 | 621.8 GRE | KAU_COAV-6562 | 02/05/2014 | 12/05/2022 | Books (General) |
